The conquest of the River Plate

Guardat en:
Dades bibliogràfiques
Autor principal: Cunninghame Graham, Robert Bontine (Autor)
Format: Llibre
Idioma:espanyol
Publicat: Nueva York Greenwood 1968
Matèries:
Etiquetes: Afegir etiqueta
Sense etiquetes, Sigues el primer a etiquetar aquest registre!

MARC

LEADER 00000nam a2200000 a 4500
001 UCO5927
003 CL-VaPUC
008 000922e19680000US |||||||||||||||||spa|d
082 0 4 |a 982.02  |b GRA  |2 21 
100 |a Cunninghame Graham, Robert Bontine   |e author  |9 592125 
245 1 4 |a The conquest of the River Plate 
300 |a 313 p 
942 |c BK 
945 |d 20000922 00:00:00  |a crobeson 
260 |a Nueva York  |b Greenwood  |c 1968 
650 0 |a Historia de Argentina  |9 319851 
650 7 |a DESCUBRIMIENTO Y CONQUISTA  |2 CL-VaPUC  |9 268482 
651 0 |a Argentina  |9 254888 
583 |a last modification  |c 20000922 00:00:00  |k Rodrigo Vera 
999 |c 291744  |d 291742 
952 |0 0  |1 0  |4 0  |6 982_020000000000000_GRA_1968  |7 0  |8 A  |9 341914  |a BIBART  |b BIBART  |d 2019-11-20  |i 1224069  |o 982.02 GRA 1968  |p 1224069  |r 2025-03-13  |w 2019-11-20  |y BK  |k ART